| 000 | 00951nam a2200265Ia 4500 | ||
|---|---|---|---|
| 003 | OSt | ||
| 005 | 20221005104853.0 | ||
| 006 | a|||||r|||| 00| 0 | ||
| 007 | ta | ||
| 008 | 221004b |||||||| |||| 00| 0 hin d | ||
| 020 |
_a9788177213232 (hbk) _cINR 500.00 |
||
| 024 | _a64672 | ||
| 037 |
_bGV726, 11/03/2020, Vani Prakashan _cTextual |
||
| 040 |
_aCRL _cCRL _bhin |
||
| 041 |
_2hin _ahin |
||
| 082 | _aw1,N, 152Q8 | ||
| 100 | _aमुकेश, ‘नादान’, ले. | ||
| 245 | 0 | _aविश्व व्यक्ति कोश | |
| 246 | _aVishva vyakti kosha | ||
| 260 |
_aदिल्ली _bसत्साहित्य प्रकाशन भारत _c2018 |
||
| 300 |
_a254पृ0 _ccm. |
||
| 650 | _aविश्व साहित्य | ||
| 942 |
_hw1,N, 152Q8 _cTEXL _2cc |
||
| 999 |
_c1014034 _d1014034 |
||